| 000 | 01218nam0a22003131 4500 | ||
|---|---|---|---|
| 001 | rc\4520173 | ||
| 005 | 20250612105528.0 | ||
| 021 |
_aRU _b[60-32210] |
||
| 035 | _a(NLR Aleph) 008624682 | ||
| 090 |
_a8845104 _c8845104 |
||
| 100 | _a20130416d1960 |||y0rusy50 ca | ||
| 101 | 0 | _arus | |
| 102 | _aRU | ||
| 105 | _aa z ||||| | ||
| 200 | 1 | _aПамятники культуры Сасанидского Ирана | |
| 210 |
_aЛенинград _cИзд-во Эрмитажа _d1960 |
||
| 215 |
_a23 с., 11 л. ил. _d23 |
||
| 300 | _aНа обл. авт. не указаны | ||
| 320 | _aИсточники и литература по истории и культуре Сасанидского Ирана: с. 22 | ||
| 606 |
_aИранская культура _z3-7 вв. _xПамятники _2psbo |
||
| 606 |
_aИранское искусство _z3-7 вв. _xПамятники _2psbo |
||
| 700 | 1 |
_aКинжалов _bР.В. _f1920- _gРостислав Васильевич |
|
| 701 | 1 |
_aЛуконин _bВ.Г. _gВладимир Григорьевич |
|
| 801 | 0 |
_aRU _bNLR _gpsbo |
|
| 801 | 1 |
_aRU _bELAR _2rusmarc |
|
| 852 |
_aNLR _j60-6/3956 |
||
| 852 |
_aNLR _jКрII/1659 |
||
| 942 | _cBOOK | ||
| 980 | _aNB | ||